00409nam a22001217a 4500999001900000020001900019100002100038245003500059260004400094300003800138942000700176952010400183 c263238d263237 a 9780545859264 a Markle, Sandra, a What if you had animal ears!? a New York, b Scholastic, Inc.,c[2016] a 32 pages :b color illustrations cBK 001040708FICa40404b40404cCHILDd2024-03-06l0pCL6472021r2024-03-06 00:00:00w2024-03-06yBK